000 00664cam a2200193 a 4500
001 000007747
005 20200929154302.0
008 090303s1942 mx 000 0 spa
010 _a43014459
040 _aDO-SdBNP
_cDLC
_dDLC
082 _a923.144
_bM332Z
100 1 _aZweig, Stefan,
_d1881-1942.
_913343
240 1 0 _aMarie Antoinette.
_lSpanish
245 1 0 _aMaria Antonieta, :
_buna vida involuntariamente heroica.
260 _aMexico, :
_bEditorial Drake,
_c[1942].
300 _a2 p.l., 7-510 p. ;
_c20 cm.
600 0 0 _aMARÍA ANTONIETA, REINA,
_cCONSORTE DE LUIS XVI, REY DE FRANCIA,
_d1755-1793
_vBIOGRAFÍA
_921440
910 _aCatalogación por copia / LC
999 _c7525
_d7525